Biblioteca

La epístola a los Romanos : (Registro nro. 67180)

Detalles MARC
000 -LÍDER
Campo fijo de descripción fija 01313nam a2200289 i 4500
001 - NÚMERO DE CONTROL
Campo de control 768714001
003 - IDENTIFICADOR DEL NÚMERO DE CONTROL
Campo de control CO-MdFUSB
005 - FECHA Y HORA DE LA ULTIMA TRANSACCIÓN
control field 20220318172059.0
007 - CAMPO FIJO DE DESCRIPCIÓN FIJA--INFORMACIÓN GENERAL
Campo fijo de descripción fija ta
008 - ELEMENTOS DE LONGITUD FIJA -- INFORMACIÓN GENERAL
Campo fijo de descripción fija -- Información general 220214t1977 mx |||| |||| 00| 0 spa d
020 ## - NÚMERO INTERNACIONAL NORMALIZADO PARA LIBROS
Número Internacional Normalizado del libro [No incluye ISBN]
040 ## - FUENTE DE CATALOGACIÓN
Agencia de catalogación original CO-MdFUSB
Idioma de catalogación spa
Agencia que realiza la transcripción CO-MdFUSB
Agencia que realiza la modificación CO-MdFUSBC
Convenciones de la descripción rda
041 ## - CÓDIGO DE IDIOMA
Código de idioma para texto/pista de sonido o título separado spa
082 ## - NÚMERO DE CLASIFICACIÓN DECIMAL DEWEY
Número de la edición del Dewey 23
Número de clasificación 227.107
Clave de autor-Numero de item M135
100 ## - ASIENTO PRINCIPAL--NOMBRE PERSONAL
Nombre personal MacDonald, William,
Término relacionador autor
245 13 - TÍTULO
Título del Material La epístola a los Romanos :
Parte restante del título - Subtitulo doce estudios sencillos de verdades profundas
Mención de responsabilidad, etc. / William MacDonald
264 #0 - PRODUCCIÓN, PUBLICACIÓN, DISTRIBUCIÓN, MANUFACTURA, Y COPYRIGHT
Lugar de producción, publicación, distribución, manufactura Tehuacán, Puebla, México :
Nombre del productor, publicador, distribuidor Escuela Bíblica Emmaús,
Fecha de producción, publicación, distribución, manufactura, o copyright [1977]
300 ## - DESCRIPCIÓN FÍSICA
Extensión 72 páginas
Dimensiones ; 22 cm
336 ## - TIPO DE CONTENIDO
Fuente rdacontent
Término de tipo de contenido texto
Código de tipo de contenido txt
337 ## - TIPO DE MEDIO
Fuente rdamedia
Nombre del tipo de medio sin mediación
Código del tipo de medio n
338 ## - TIPO DE SOPORTE
Fuente rdacarrier
Nombre del tipo de soporte volumen
Código Tipo de soporte nc
505 ## - NOTA DE CONTENIDO
Nota de contenido con formato preestablecido Los planes de Pablo (Romanos 1:1-17). -- El problema del pecado (Romanos 1:18 - 3:20). -- La salvación (Romanos 3:21-31). -- La justificación por fe (Romanos 4). -- Adán y Cristo (Romanos 5). -- La vida victoriosa (Romanos 6). -- ¡Esclavitud! (Romanos 7). -- ¡Libertad! (Romanos 8). -- ¿Y qué de Israel? (Romanos 9-11). -- el amor cumple la ley (Romanos 12, 13). -- El hermano débil (Romanos 14,15:13) -- Planes y personas 8Romanos 15:14 -16:27).
563 ## - NOTA DE ENCUADERNACIÓN
Nota de encuadernación Rústico
630 07 - TITULO UNIFORME
Título uniforme Biblia.
Nombre de parte o sección de la obra Romanos
942 ## - TIPO DE MATERIAL (KOHA)
Tipo de Item KOHA Libros General
945 ## - INFORMACIÓN LOCAL DEL REGISTRO
Catalogador JTF-925
Existencias
Estado de Material Estado de Perdido Forma de Clasificación Estado de Dañado No para Préstamo Colección Biblioteca de Origen Biblioteca Permanente Fecha de Adquisición Área Total de Préstamos Signatura Topográfica Código de Barras Última vez visto Ejemplar/Existencia Fecha de Remplazo Tipo de Material
    Dewey Decimal Classification     Colección General Biblioteca FUSBC Biblioteca FUSBC 14/02/2022 BIBLIA   G 227.107 M135e 7487 14/02/2022 Ej.1 14/02/2022 Libros General

Biblioteca FUSBC | Teléfono: (57+4) 349 88 10 Ext. 141| WhatsApp (+57) 3005338115 
E-mail: biblioteca@unisbc.edu.co | Calle 76 87-14 Robledo Palenque, Medellín, Colombia

Con tecnología Koha